00632nam a22001577a 4500999001900000003000500019038001200024082001300036100002400049245015900073260003100232300001700263942001200280952009100292952009100383 c528928d528928NUST aMSOHAIL a627bZAF aHaseeb Zafar920768 aApplication of Semi-Distributed model for Hydrological assessment under changing Climates: A case study of Panjkora river catchment. (MS Thesis - WRE &M.) aIslamabadbNUST-NICEc2019 ap;69,;c30cm 2ddccPR 00102ddc4070aNITbNITd2019-09-17l0o627 ZAFp101253Tr2019-09-17w2019-09-17yPR 00102ddc4070aNITbNITd2019-09-17l0o627 ZAFp101255Tr2019-09-17w2019-09-17yPR